00295nam a2200109 a 4500008004100000050001500041110003200056245003700088260003700125300001400162350000900176120416s1982 ||||||||||||||||| || u aKD 109 Art aArthur Andersen and Company10aGuide to the companies act, 1981 aLondonbGraham and Trotmanc1982 avi, 288p. a0.00